| 000 | 00445nam a22001697a 4500 | ||
|---|---|---|---|
| 003 | NUST - PNEC | ||
| 005 | 20170116180918.0 | ||
| 008 | 150904b xxu||||| |||| 00| 0 eng d | ||
| 020 | _a0872017605 | ||
| 040 | _cLIBRARY | ||
| 082 | _a665.53028 WEA | ||
| 100 |
_97597 _a Weaver, Rip |
||
| 245 |
_aProcess piping design _c Weaver Rip |
||
| 260 | _cc.1973 | ||
| 650 |
_97603 _aPetroleum refineries--Equipment and supplies _xIME |
||
| 942 |
_2ddc _cBK |
||
| 999 |
_c65538 _d65538 |
||